000 00460nam a22001571a 4500
082 _aS 294.592 1
_bGAN/C
100 _aGanapati Muni
245 _aCollected works of Vasishtha Kavya kantha Ganapati muni (vol.4 : the book on principles of existence)/
_cby Ganapati Muni
260 _aTamil Nadu:
_bV S Ramanan,
_c2005.
300 _a441p.
650 _aVedic Literature
650 _aHinduism
650 _aReligion
700 _aNatesan K (ed.)
942 _cBK
999 _c8107
_d8107